| 000 | 01006 a2200229 4500 | ||
|---|---|---|---|
| 999 |
_c95194 _d95194 |
||
| 005 | 20250904115317.0 | ||
| 008 | 180810b th ||||| |||| 00| 0 tha d | ||
| 020 | _a9789742036911 | ||
| 040 | _aNALT | ||
| 090 |
_aKD 51 _bป492ป 2561 |
||
| 100 | 0 |
_aปวริศร เลิศธรรมเทวี _923216 |
|
| 245 | 1 | 0 |
_aประเพณีทางรัฐธรรมนูญ / _cปวริศร เลิศธรรมเทวี. |
| 250 | _aพิมพ์ครั้งแรก | ||
| 260 |
_aกรุงเทพฯ : _bนิติธรรม, _c2561. |
||
| 300 |
_a379 หน้า : _bตาราง ; _c21 ซม. |
||
| 650 | 0 |
_aรัฐธรรมนูญ _zไทย _92027 |
|
| 650 | 4 |
_930212 _aกฎหมายจารีตประเพณี _zไทย |
|
| 650 | 4 |
_97325 _aกฎหมาย _xการตีความ |
|
| 850 | _aNALT | ||
| 942 |
_2local _cLB _014 |
||
| 998 |
_j111 _k นางสาวพจพิณ พรมเอี่ยม |
||